Time for a silent night (Record no. 83653)
[ view plain ]
| 000 -LEADER | |
|---|---|
| fixed length control field | 01024cab a22002055a 4500 |
| 001 - CONTROL NUMBER | |
| control field | L154536 |
| 008 - FIXED-LENGTH DATA ELEMENTS--GENERAL INFORMATION | |
| fixed length control field | 111219e20111210xxk 000 0 eng d |
| 035 ## - SYSTEM CONTROL NUMBER | |
| System control number | (Sirsi) u154536 |
| 041 0# - LANGUAGE CODE | |
| Language code of text/sound track or separate title | eng |
| 100 1# - MAIN ENTRY--PERSONAL NAME | |
| Personal name | McCann, Niall |
| 245 00 - TITLE STATEMENT | |
| Title | Time for a silent night |
| 260 ## - PUBLICATION, DISTRIBUTION, ETC. | |
| Date of publication, distribution, etc. | 2011 |
| 490 ## - SERIES STATEMENT | |
| Series statement | Estates Gazette |
| Volume/sequential designation | (1149) 10 December 2011, 94-95(2) |
| 520 ## - SUMMARY, ETC. | |
| Summary, etc. | Effect of the Police Reform and Social Responsibility Act 2011 on premises that sell alcohol and provide entertainment in England and Wales. Describes the most important of the reforms which include changes to temporary event notices, a greater likelihood of receiving objections to obtaining a new premises licence and restrictions on the selling of early morning alcohol by local authorities. |
| 590 ## - LOCAL NOTE (RLIN) | |
| Local note | KA |
| 650 24 - SUBJECT ADDED ENTRY--TOPICAL TERM | |
| Topical term or geographic name entry element | Police Reform and Social Responsibility Act 2011 |
| 651 #4 - SUBJECT ADDED ENTRY--GEOGRAPHIC NAME | |
| Geographic name | England and Wales |
| Chronological subdivision | 1543- |
| 690 ## - LOCAL SUBJECT ADDED ENTRY--TOPICAL TERM (OCLC, RLIN) | |
| Topical term or geographic name as entry element | PROPERTY-COMMERCIAL PROPERTY-LEISURE PROPERTY-REFRESHMENT AND CULINARY PROPERTY-LICENSED PROPERTY-LICENSED PREMISES |
| 942 ## - ADDED ENTRY ELEMENTS (KOHA) | |
| Suppress in OPAC | 0 |
| Withdrawn status | Lost status | Source of classification or shelving scheme | Damaged status | Not for loan | Home library | Current library | Shelving location | Date acquired | Total Checkouts | Full call number | Barcode | Date last seen | Copy number | Price effective from | Koha item type |
|---|---|---|---|---|---|---|---|---|---|---|---|---|---|---|---|
| Dewey Decimal Classification | London | London | Journal article | 19/12/2011 | L154536 | 154536-1001 | 06/08/2019 | 1 | 06/08/2019 | Journal article |